[Event "II Duchamp Open 2018"]
[Site "Rio de Janeiro"]
[Date "2018.11.18"]
[Round "6"]
[White "Rodrigues, Nei Jorge"]
[Black "Reis, Virginia Lagrange M"]
[Result "0-1"]
[WhiteElo "1978"]
[BlackElo "1750"]
[Annotator "NA RC"]
[PlyCount "62"]
[EventDate "2018.11.14"]
[EventType "swiss"]
[EventCountry "BRA"]
[SourceTitle "playchess.com"]
[Source "ChessBase"]
[SourceQuality "1"]
[TimeControl "5400+30"]

1. Nf3 {[%emt 0:00:59]} c5 {[%emt 0:00:00]} 2. c4 {[%emt 0:00:06]} Nc6 {[%emt 0:00:07]} 3. g3 {[%emt 0:00:15]} g6 {[%emt 0:00:17]} 4. Bg2 {[%emt 0:00:09]} Bg7 {[%emt 0:00:18]} 5. O-O {[%emt 0:00:07]} Nf6 {[%emt 0:00:33]} 6. Nc3 {[%emt 0:00:09]} O-O {[%emt 0:00:21]} 7. d3 {[%emt 0:00:20]} d6 {[%emt 0:00:21]} 8. a3 {[%emt 0:00:59]} Bd7 {[%emt 0:02:04]} 9. Rb1 {[%emt 0:00:45]} a5 {[%emt 0:04:07]} 10. Bd2 {[%emt 0:05:09]} Rb8 {[%emt 0:00:53]} 11. Ne1 {[%emt 0:03:35] A38: Symmetrical English vs ...g6: 4 Bg2 Bg7 5 Nf3 Nf6} b6 {[%emt 0:04:04]} (11... Ne8 12. Nc2 Nc7 13. b4 axb4 14. axb4 Nxb4 15. Nxb4 cxb4 16. Rxb4 b5 17. cxb5 Nxb5 18. Nxb5 Rxb5 19. Rxb5 Bxb5 20. Qb3 Bd7 21. Qb7 Bg4 22. Bg5 Qb8 23. Bxe7 Qxb7 24. Bxb7 Re8 25. Bxd6 Bxe2 26. Re1 Re6 27. Bc5 Bxd3 28. Rxe6 fxe6 29. Kg2 Bc4 30. Kf3 Kf7 {½-½ (30) Sadorra,J (2577)-Ramirez,A (2597) Dallas 2013}) 12. Nc2 {[%emt 0:01:25]} Qc8 $146 {[%emt 0:02:21]} ({Predecessor:} 12... Nd4 13. b4 axb4 14. axb4 Bc6 15. Nxd4 Bxg2 16. Kxg2 cxd4 17. Nb5 e5 18. e3 dxe3 19. Bxe3 {1-0 (40) Micheli,C (2268)-Wittmann,W (2286) Rogaska Slatina 2012}) 13. Re1 {[%emt 0:00:33]} Re8 {[%emt 0:02:48]} 14. b4 {[%emt 0:00:28]} axb4 {[%emt 0:12:52]} 15. axb4 {[%emt 0:00:51]} Bg4 {[%emt 0:06:58]} 16. Qc1 {[%emt 0:05:21]} Ne5 {[%emt 0:03:59]} 17. Bf4 {[%emt 0:12:22]} Nh5 {[%emt 0:03:08]} 18. Bh6 {[%emt 0:05:24]} Nxd3 {[%emt 0:01:53]} 19. exd3 {[%emt 0:01:05]} Bxc3 {[%emt 0:00:35]} 20. Ne3 {[%emt 0:00:16]} Bxe1 {[%emt 0:03:43]} 21. Nxg4 {[%emt 0:00:30]} Bxb4 {[%emt 0:03:06]} 22. h3 {[%emt 0:14:29]} b5 {[%emt 0:12:11]} 23. Qb2 $2 {[%emt 0:15:54]} (23. cxb5 Rxb5 24. Ra1) 23... bxc4 {[%emt 0:02:37]} 24. Qa2 {[%emt 0:07:34]} cxd3 {[%emt 0:07:16]} 25. Qc4 {[%emt 0:00:55]} d2 {[%emt 0:04:12]} 26. Be3 {[%emt 0:05:35]} e6 {[%emt 0:09:12]} 27. Bf3 {[%emt 0:03:21]} d5 {[%emt 0:03:54]} 28. Nh6+ {[%emt 0:00:25]} Kg7 {[%emt 0:03:10]} 29. Qh4 {[%emt 0:04:04]} Qd8 {[%emt 0:03:46]} 30. Bg5 {[%emt 0:05:59]} f6 {[%emt 0:00:01]} 31. Be3 {[%emt 0:01:28]} d4 $19 {[%emt 0:00:28]} 0-1

[Event "II Duchamp Open 2018"]
[Site "Rio de Janeiro"]
[Date "2018.11.18"]
[Round "6"]
[White "Chang, Suzana"]
[Black "Maia, Jose Eduardo Bastos"]
[Result "1-0"]
[WhiteElo "1968"]
[BlackElo "2093"]
[Annotator "NA RC"]
[PlyCount "60"]
[EventDate "2018.11.14"]
[EventType "swiss"]
[EventCountry "BRA"]
[SourceTitle "playchess.com"]
[Source "ChessBase"]
[SourceQuality "1"]
[TimeControl "5400+30"]

1. c4 {[%emt 0:00:00]} e6 {[%emt 0:00:00]} 2. g3 {[%emt 0:00:14]} d5 {[%emt 0:00:00]} 3. Bg2 {[%emt 0:00:10]} Nf6 {[%emt 0:00:00]} 4. Nf3 {[%emt 0:00:12]} Be7 {[%emt 0:00:15]} 5. O-O {[%emt 0:00:08]} O-O {[%emt 0:00:07]} 6. d4 {[%emt 0:00:16]} c6 {[%emt 0:00:17]} 7. Qc2 {[%emt 0:00:57]} b6 {[%emt 0:00:27]} 8. Nbd2 {[%emt 0:00:22]} Bb7 {[%emt 0:00:34]} 9. e4 {[%emt 0:00:31]} Na6 {[%emt 0:01:04]} 10. e5 {[%emt 0:08:03]} Nd7 {[%emt 0:00:50]} 11. a3 {[%emt 0:03:44] E06: Closed Catalan: Early deviations} c5 {[%emt 0:09:47]} 12. dxc5 {[%emt 0:01:12]} bxc5 {[%emt 0:05:32]} 13. Re1 {[%emt 0:06:32]} Nc7 {[%emt 0:07:16] [#]} 14. Rb1 $146 {[%emt 0:18:21]} ({Predecessor:} 14. Nb3 Rb8 15. Na5 Ba8 16. Bd2 Nb6 17. b3 Qd7 18. Red1 f6 {½-½ (35) Dziuba,M (2558)-Buhmann,R (2612) Germany 2016}) 14... a5 {[%emt 0:03:18]} 15. b3 {[%emt 0:00:51]} Nb6 {[%emt 0:12:22]} 16. h4 {[%emt 0:10:20]} h6 {[%emt 0:00:26]} 17. Bf1 {[%emt 0:06:58]} Qd7 {[%emt 0:12:30]} 18. Be2 {[%emt 0:03:58]} Rfc8 {[%emt 0:00:51]} 19. Nf1 {[%emt 0:02:11]} Rcb8 {[%emt 0:07:16]} 20. N1h2 {[%emt 0:13:40]} a4 {[%emt 0:01:06]} 21. Ng4 {[%emt 0:05:03]} (21. Bxh6 $1 $11 gxh6 22. Qc1) 21... axb3 {[%emt 0:00:51]} (21... h5 $17 22. Ne3 d4 23. bxa4 Bc6) 22. Rxb3 {[%emt 0:00:49]} Nxc4 {[%emt 0:01:22] [#]} 23. Qb1 $2 {[%emt 0:00:22]} (23. Bxh6 $1 $14 {[%mdl 512] was forced to keep a grip.} gxh6 24. Qc1) 23... Na6 $2 {[%emt 0:16:04] [#]} (23... Na5 $19 24. Rb6 d4) 24. Bxh6 $1 {[%emt 0:06:39]} gxh6 {[%emt 0:05:28]} 25. Nxh6+ {[%emt 0:02:59]} Kg7 {[%emt 0:00:58]} 26. Nxf7 {[%emt 0:02:21]} Bc6 $2 {[%emt 0:07:40]} ({Don't go for} 26... Kxf7 $2 27. Ng5+ Ke8 28. Qg6+ Kd8 29. Nxe6+ Kc8 30. Bg4 $18) (26... Nxa3 $16 27. Rxa3 Bc8) 27. N3g5 {[%emt 0:01:10]} Bxg5 {[%emt 0:01:17]} 28. Nxg5 {[%emt 0:00:02]} Rh8 {[%emt 0:00:43]} 29. Rf3 $2 {[%emt 0:03:12]} (29. Rd1 $18) 29... Nxe5 $2 {[%emt 0:01:20]} (29... Nd2 $17 30. Nxe6+ Qxe6) 30. Re3 {[%emt 0:01:16]} Nc4 1-0

[Event "II Duchamp Open 2018"]
[Site "Rio de Janeiro"]
[Date "2018.11.18"]
[Round "6"]
[White "Ramos, Angelo Bil"]
[Black "Peixoto, Rudson Marinho"]
[Result "0-1"]
[WhiteElo "1952"]
[BlackElo "2007"]
[Annotator "NA RC"]
[PlyCount "78"]
[EventDate "2018.11.14"]
[EventType "swiss"]
[EventCountry "BRA"]
[SourceTitle "playchess.com"]
[Source "ChessBase"]
[SourceQuality "1"]
[TimeControl "5400+30"]

1. e4 {[%emt 0:00:00]} c5 {[%emt 0:02:02]} 2. Nf3 {[%emt 0:00:00]} d6 {[%emt 0:00:08]} 3. d4 {[%emt 0:00:00]} cxd4 {[%emt 0:00:10]} 4. Nxd4 {[%emt 0:00:05]} Nf6 {[%emt 0:00:02]} 5. Nc3 {[%emt 0:00:10]} a6 {[%emt 0:00:06]} 6. h3 {[%emt 0:02:03]} Qc7 {[%emt 0:00:16]} 7. g4 {[%emt 0:00:40]} b5 {[%emt 0:01:20]} 8. Bg2 {[%emt 0:00:35]} Bb7 {[%emt 0:00:10]} 9. O-O {[%emt 0:04:03]} e6 {[%emt 0:00:04]} 10. a3 {[%emt 0:01:59]} Nc6 {[%emt 0:00:29]} 11. Re1 {[%emt 0:01:43]} Be7 {[%emt 0:00:14]} 12. Nde2 {[%emt 0:10:59]} h5 {[%emt 0:01:46]} 13. g5 {[%emt 0:01:13]} Nd7 {[%emt 0:00:12]} 14. h4 {[%emt 0:00:12]} Nce5 {[%emt 0:01:05]} 15. Ng3 {[%emt 0:02:01]} O-O-O {[%emt 0:01:35]} 16. Qe2 {[%emt 0:01:16]} Ng6 {[%emt 0:00:26]} 17. Bf3 {[%emt 0:05:35]} Nxh4 {[%emt 0:00:16]} 18. Bxh5 {[%emt 0:00:27]} g6 {[%emt 0:00:16]} 19. Qg4 {[%emt 0:05:15]} gxh5 {[%emt 0:02:10]} 20. Qxh4 Ne5 21. Kg2 {[%emt 0:05:05]} Ng6 {[%emt 0:01:22]} 22. Qh3 {[%emt 0:01:12]} Kb8 {[%emt 0:00:46]} 23. f3 {[%emt 0:04:08]} d5 {[%emt 0:00:36]} 24. exd5 {[%emt 0:00:27]} exd5 {[%emt 0:00:10]} 25. Nf5 {[%emt 0:00:31]} d4 {[%emt 0:00:56]} 26. Nxe7 {[%emt 0:02:04]} Nxe7 {[%emt 0:01:23]} 27. Qh2 {[%emt 0:02:58]} Bxf3+ {[%emt 0:00:29]} 28. Kxf3 {[%emt 0:03:10]} Qxh2 {[%emt 0:00:12]} 29. Bf4+ {[%emt 0:00:09]} Qxf4+ {[%emt 0:00:16]} 30. Kxf4 {[%emt 0:00:20]} Ng6+ {[%emt 0:00:04]} 31. Kf5 {[%emt 0:00:17]} dxc3 {[%emt 0:00:07]} 32. bxc3 {[%emt 0:00:17]} Rd6 {[%emt 0:01:07]} 33. Rab1 {[%emt 0:00:43]} Rc8 {[%emt 0:00:46]} 34. a4 {[%emt 0:00:25]} Rc5+ {[%emt 0:00:09]} 35. Ke4 {[%emt 0:01:19]} Kc7 {[%emt 0:00:42]} 36. axb5 {[%emt 0:00:14]} axb5 {[%emt 0:00:15]} 37. Rf1 {[%emt 0:01:12]} Re5+ {[%emt 0:00:43]} 38. Kf3 {[%emt 0:00:10]} Rxg5 {[%emt 0:00:34]} 39. Rh1 {[%emt 0:01:11]} Rc6 0-1

[Event "II Duchamp Open 2018"]
[Site "Rio de Janeiro"]
[Date "2018.11.19"]
[Round "7"]
[White "Lima, Darcy"]
[Black "Perdomo, Leandro"]
[Result "0-1"]
[WhiteElo "2550"]
[BlackElo "2476"]
[Annotator "TA"]
[PlyCount "82"]
[EventDate "2018.11.14"]
[EventType "swiss"]
[EventCountry "BRA"]
[SourceTitle "playchess.com"]
[Source "ChessBase"]
[SourceQuality "1"]

{[%evp 18,82,16,0,16,17,6,11,37,-14,14,0,0,0,0,0,0,0,27,-11,-18,-20,-4,-11,48,57,102,-25,-33,-38,35,31,43,0,0,-8,-8,-22,-27,-49,-38,-40,33,35,296,251,215,247,243,211,306,258,225,127,121,146,113,0,0,-44,-40,-79,-79,-551,-525,-638,-614]} 1. d4 Nf6 2. g3 g6 3. Bg2 Bg7 4. e4 d6 5. Ne2 O-O 6. h3 e5 7. Nbc3 exd4 8. Nxd4 Re8 9. O-O Na6 {B06: Modern Defence} (9... Nc6 10. Be3 Bd7 11. Re1 Qc8 12. Kh2 Re5 13. g4 h5 14. g5 Nh7 15. f4 Re8 16. h4 Nxd4 17. Bxd4 Bxd4 18. Qxd4 Bc6 19. Rad1 {1-0 (96) Puranik,A (2514)-Sjugirov,S (2677) Abu Dhabi 2018}) 10. Nb3 {LiveBook: 3 Games} Nb4 11. Re1 $146 ({Predecessor:} 11. Bg5 h6 12. Be3 a5 13. Qd2 a4 14. Nd4 a3 15. bxa3 Rxa3 16. Ndb5 Ra5 17. a3 {0-1 (41) Tischbierek,R (2523)-Golubev,M (2528) Germany 2003}) 11... a5 {The position is equal.} 12. Nd4 {[%cal Bb3d4,Bd4e2,Be2f4][%mdl 32]} Bd7 13. a4 (13. Be3 $14) 13... Qc8 14. Kh2 Re5 15. Nde2 c6 {[%cal Bc7c6,Bc6d5,Bd5e4][%mdl 32]} 16. Bd2 d5 17. exd5 $1 cxd5 18. Rc1 Ne4 19. Nxe4 dxe4 20. Nf4 Bxa4 ({Black should try} 20... Bc6 $11) 21. Bc3 $14 f5 22. Bxe5 (22. f3 $1 $16) 22... Bxe5 $11 23. b3 Bxf4 (23... Bc6 $15) 24. gxf4 $14 Bc6 25. Qd2 Qc7 26. Red1 Nd5 27. Bf1 Nxf4 28. Kg1 Re8 29. Ra1 b6 (29... Kg7 $15) 30. Qc3 Re5 $2 {[%mdl 8192] [#]} (30... Re6 $14 31. Rd2 Qg7 32. Rd8+ Kf7 33. Qxg7+ Kxg7) 31. Rd8+ $1 {[%mdl 576] Deflection} Qxd8 32. Qxe5 Qg5+ 33. Kh2 {[%mdl 1024] White has strong compensation.} Bd5 (33... Qh4 $142 34. Qb8+ {[%mdl 64] Double Attack} Kg7 35. Qxb6 Nh5) 34. Rd1 Qh4 35. Rd2 (35. Kg1 $18) 35... Bf7 $16 36. Qb8+ Kg7 {[#]} 37. Qxb6 (37. Qd8 $1 $16 {[%cal Rd8h4]} Qxd8 38. Rxd8) 37... Ne6 $1 $36 {[%mdl 2048] Black fights for an advantage.} 38. Qd6 Ng5 $1 {[%cal Rg5f3]} 39. Bg2 {[#]} f4 $1 {[%cal Bf5f4,Bf4f3][%mdl 32] aiming for ...Be6.} 40. Qd4+ $2 {[%mdl 8192]} (40. Kg1 $17 {is tougher.}) 40... Kh6 $19 41. Kg1 f3 {Accuracy: White = 46%, Black = 48%.} 0-1

[Event "II Duchamp Open 2018"]
[Site "Rio de Janeiro"]
[Date "2018.11.19"]
[Round "7"]
[White "Rodriguez Vila, Andres"]
[Black "Chang, Suzana"]
[Result "1-0"]
[WhiteElo "2482"]
[BlackElo "1968"]
[Annotator "TA"]
[PlyCount "29"]
[EventDate "2018.11.14"]
[EventType "swiss"]
[EventCountry "BRA"]
[SourceTitle "playchess.com"]
[Source "ChessBase"]
[SourceQuality "1"]

{[%evp 11,29,-19,0,-28,6,-4,1,-1,0,0,20,18,20,-9,-16,-81,-88,-85,-70,-69]} 1. e4 c5 2. Nc3 e6 3. g3 Nc6 4. Bg2 Nf6 5. f4 d5 6. e5 Nd7 7. Nh3 {B24: Closed Sicilian: 3 g3 sidelines} (7. Nf3 Be7 8. O-O O-O 9. d3 Rb8 10. a4 a6 11. Ne2 b5 12. axb5 axb5 13. c3 Nb6 14. d4 b4 15. Kh1 Bd7 16. g4 bxc3 17. bxc3 Ra8 {0-1 (37) Neverov,V (2477)-Mareco,S (2664) Sharjah 2017}) 7... g6 8. O-O Be7 9. d3 $146 {The position is equal.} ({Predecessor:} 9. b3 h5 10. Ne2 Qc7 11. Bb2 b6 12. Nf2 Bb7 13. d4 O-O-O 14. Rc1 cxd4 15. Nxd4 Nxd4 16. Bxd4 {0-1 (72) Frick,C (2205)-Scholl,M Boeblingen 2001}) 9... b6 10. Nb5 Bb7 11. c4 d4 12. Ng5 {Strongly threatening Ne4.} a6 13. f5 (13. Nd6+ $11 {remains equal.} Bxd6 14. exd6) 13... Ndxe5 $17 14. f6 {[#]} Bf8 $1 ({Of course not} 14... Bxf6 {[#]} 15. Nd6+ $1 {[%mdl 512]} Qxd6 16. Ne4 $11) 15. Bf4 {[%mdl 32768] Loss on time!?} 1-0

[Event "II Duchamp Open 2018"]
[Site "Rio de Janeiro"]
[Date "2018.11.19"]
[Round "7"]
[White "Galego, Luis"]
[Black "Di Berardino, Diego Rafael"]
[Result "1/2-1/2"]
[WhiteElo "2479"]
[BlackElo "2526"]
[Annotator "TA"]
[PlyCount "33"]
[EventDate "2018.11.14"]
[EventType "swiss"]
[EventCountry "BRA"]
[SourceTitle "playchess.com"]
[Source "ChessBase"]
[SourceQuality "1"]

{[%evp 18,19,-40,-58]} 1. Nf3 c5 2. g3 g6 3. Bg2 Bg7 4. O-O Nc6 5. c4 e6 6. d3 Nge7 7. Nc3 O-O 8. Bd2 d5 9. Qc1 b6 {A37: Symmetrical English vs ...g6: 4 Bg2 Bg7 5 Nf3} 10. Bh6 {LiveBook: 31 Games} {Predecessor:} Bb7 $146 11. Bxg7 Kxg7 12. a3 Rc8 13. Qf4 Qc7 14. Qxc7 Rxc7 15. cxd5 Nxd5 16. Rfc1 Rfc8 17. Nb5 {1-0 (44) Yuffa,D (2521)-Sutovsky,E (2659) Batumi 2018} 1/2-1/2

[Event "II Duchamp Open 2018"]
[Site "Rio de Janeiro"]
[Date "2018.11.19"]
[Round "7"]
[White "Hoffman, Alejandro"]
[Black "Barreto, Ignacio C. De Barro"]
[Result "1-0"]
[WhiteElo "2479"]
[BlackElo "2222"]
[Annotator "TA"]
[PlyCount "99"]
[EventDate "2018.11.14"]
[EventType "swiss"]
[EventCountry "BRA"]
[SourceTitle "playchess.com"]
[Source "ChessBase"]
[SourceQuality "1"]

{[%evp 15,99,14,31,6,26,14,20,-4,0,-12,0,6,3,0,39,34,44,-21,7,2,2,8,100,12,58,-6,0,0,35,49,36,37,135,133,178,0,85,13,33,0,18,16,259,91,115,101,75,-180,-177,-169,-177,-205,249,248,268,102,1518,1489,1364,1360,7835,7509,7254,5735,2666,2241,2241,943,987,956,1287,0,914,239,239,0,0,0,229,225,223,237,208,194,206,189]} 1. d4 d5 2. Nf3 Nf6 3. c4 c6 4. e3 Bf5 5. Nc3 e6 6. Nh4 Bg6 7. Nxg6 hxg6 8. h3 {D12: Slav Defence: 3 Nf3 Nf6 4 e3 Bf5} (8. g3 Nbd7 9. Qd3 dxc4 10. Qxc4 e5 11. Bg2 Nb6 12. Qe2 exd4 13. exd4+ Be7 14. O-O O-O 15. Bg5 Re8 {½-½ (28) Gledura,B (2621)-Cori Tello,J (2664) Saint Louis 2018}) 8... Nbd7 {LiveBook: 16 Games} 9. Qb3 Rb8 10. Be2 $146 {White has an edge.} ({Predecessor:} 10. Bd2 Bd6 11. cxd5 exd5 12. Bd3 Qe7 13. Qc2 Ng4 14. Rf1 {1-0 (57) Weise,W (1892)-Couto,M (1789) Blumenau 2016}) 10... a6 11. a4 Bd6 12. Bd2 O-O 13. O-O Qe7 14. Rfe1 Ne4 15. Nxe4 dxe4 16. a5 (16. Qc2 $14) 16... Kh7 17. Qc2 f5 18. b4 e5 (18... Rbc8 $11) 19. Rab1 (19. c5 $16 Bc7 20. Bc4) 19... Rbe8 20. Bf1 (20. d5 $14 cxd5 21. cxd5) 20... exd4 $11 21. exd4 f4 22. f3 {[%cal Re1e4]} e3 23. Bc3 Rf5 (23... Nf6 $14) 24. Bd3 $16 Rg5 25. Re2 $2 (25. h4 $1 $18 {[%cal Rh4g5]} Rg3 26. Bxg6+ $1 {[%mdl 512]} Rxg6 27. h5) 25... Rh8 (25... Qe6 $11) 26. Kf1 (26. b5 $1 $16) 26... Kg8 $11 {Threatening ...Qe6.} 27. Be1 ({Not} 27. Bxg6 $2 Qe6 $19) 27... Qe6 {aiming for ...Rxh3!} 28. h4 Rgh5 $2 (28... Qf6 $11 {and Black has nothing to worry.}) 29. Bxg6 $2 (29. c5 $1 $18 {is the precise move to win.}) 29... Rxh4 $16 30. Bxh4 Rxh4 {[%cal Rh4h1]} 31. Kg1 $2 {[%mdl 8192]} (31. Ree1 $1 $16 {is forced if you want to stay better.}) 31... Nf8 $1 $19 {[%cal Rf8g6][%mdl 1024] Black has strong compensation.} 32. Bf5 Qh6 {[%csl Gh6][%cal Rh4h1]} 33. Bh3 {Black must now prevent Qe4.} Qg5 $4 {[%mdl 8192]} (33... Nh7 $19 {and all is fine. Threatens to win with ...Ng5.} 34. Qf5 (34. c5 Ng5 $17) 34... Ng5) 34. Qf5 $1 $18 {[%cal Rf5g5]} Qg3 35. c5 $2 (35. b5 $1 $18) 35... Nh7 $2 {[%mdl 8192]} (35... g6 $16 36. Qc8 Be7) 36. Qe6+ Kh8 37. cxd6 {Intending d7 and mate.} Ng5 38. Qe8+ Kh7 39. Bf5+ g6 40. Qxg6+ Kh8 41. Qf6+ Kg8 42. Be6+ Kh7 43. Bf5+ Kg8 {( -> ...Qh2+)} 44. Rxe3 $2 (44. Qd8+ Kg7 45. Qe7+ Nf7 46. Rc2) 44... fxe3 {[%csl Ge3][%cal Rg3f2] [#]} 45. Be6+ $2 (45. Qd8+ $1 $18 Kg7 46. Qe7+ Nf7 47. Qxe3) 45... Kh7 $1 $11 {[%csl Ge3][%cal Rg3f2]} 46. Bf5+ $2 (46. Qe7+ $11 Kg6 47. Qe8+ Kf6 48. Qe7+ Kg6 49. Qe8+ Kg7 50. Qe7+ Kg6) 46... Kg8 $18 {[%csl Ge3][%cal Rg3f2] [#]} 47. Qd8+ $1 {White is clearly better.} Kg7 {[%csl Ge3][%cal Rg3f2]} 48. Qe7+ Nf7 {[%csl Ge3][%cal Rg3f2]} 49. Qxe3 {Hoping for d7.} Qxd6 50. Bg4 {Precision: White = 27%, Black = 31%.} 1-0

[Event "II Duchamp Open 2018"]
[Site "Rio de Janeiro"]
[Date "2018.11.19"]
[Round "7"]
[White "Matsuura, Everaldo"]
[Black "Romanishin, Oleg M"]
[Result "1/2-1/2"]
[WhiteElo "2476"]
[BlackElo "2435"]
[Annotator "RC"]
[PlyCount "61"]
[EventDate "2018.11.14"]
[EventType "swiss"]
[EventCountry "BRA"]
[SourceTitle "playchess.com"]
[Source "ChessBase"]
[SourceQuality "1"]
[TimeControl "5400+30"]

1. e4 {[%emt 0:00:00]} e5 {[%emt 0:00:00]} 2. Nf3 {[%emt 0:00:03]} Nc6 {[%emt 0:00:00]} 3. d4 {[%emt 0:00:21]} exd4 {[%emt 0:00:00]} 4. Nxd4 {[%emt 0:00:10]} Bc5 {[%emt 0:00:00]} 5. Nb3 {[%emt 0:00:19]} Bb4+ {[%emt 0:02:17]} 6. c3 {[%emt 0:00:34]} Be7 {[%emt 0:00:03]} 7. Bf4 {[%emt 0:00:52]} Bg5 {[%emt 0:00:18]} 8. Qd2 {[%emt 0:10:16]} Bxf4 {[%emt 0:02:51]} 9. Qxf4 {[%emt 0:00:45]} Nf6 {[%emt 0:00:11]} 10. N1d2 {[%emt 0:02:43]} O-O {[%emt 0:02:18]} 11. O-O-O {[%emt 0:02:26]} d6 {[%emt 0:01:39]} 12. Kb1 {[%emt 0:03:49]} Nh5 {[%emt 0:13:50]} 13. Qf3 {[%emt 0:13:45]} Ne5 {[%emt 0:11:46]} 14. Qe2 {[%emt 0:03:51]} Qf6 {[%emt 0:03:22]} 15. h3 {[%emt 0:02:41]} Qh6 {[%emt 0:18:46]} 16. Nd4 {[%emt 0:04:36]} f5 {[%emt 0:07:59]} 17. Nxf5 {[%emt 0:12:07]} Bxf5 {[%emt 0:00:20]} 18. exf5 {[%emt 0:00:07]} Rxf5 {[%emt 0:01:09]} 19. Ne4 {[%emt 0:01:56]} Nf6 {[%emt 0:13:46]} 20. Ng3 {[%emt 0:03:05]} Rf4 {[%emt 0:00:24]} 21. Qc2 {[%emt 0:01:12]} Qg6 {[%emt 0:07:01]} 22. Qxg6 {[%emt 0:00:35]} Nxg6 {[%emt 0:00:04]} 23. f3 {[%emt 0:00:40]} Nh4 {[%emt 0:00:36]} 24. Rg1 {[%emt 0:04:20]} Nf5 {[%emt 0:04:00]} 25. Nxf5 {[%emt 0:07:47]} Rxf5 {[%emt 0:00:02]} 26. Bc4+ {[%emt 0:00:10]} Kf8 {[%emt 0:00:23]} 27. Rge1 {[%emt 0:00:28]} Re8 {[%emt 0:01:37]} 28. Be6 {[%emt 0:02:09]} Re5 {[%emt 0:01:40]} 29. Rxe5 {[%emt 0:00:46]} dxe5 {[%emt 0:00:02]} 30. Bb3 {[%emt 0:04:15]} e4 {[%emt 0:00:17]} 31. fxe4 1/2-1/2

[Event "II Duchamp Open 2018"]
[Site "Rio de Janeiro"]
[Date "2018.11.19"]
[Round "7"]
[White "Roselli Mailhe, Bernardo"]
[Black "Menna Barreto, Felipe Kubiaki"]
[Result "1/2-1/2"]
[WhiteElo "2421"]
[BlackElo "2342"]
[Annotator "TA"]
[PlyCount "25"]
[EventDate "2018.11.14"]
[EventType "swiss"]
[EventCountry "BRA"]
[SourceTitle "playchess.com"]
[Source "ChessBase"]
[SourceQuality "1"]

{[%evp 12,25,5,6,6,-12,14,25,26,0,0,0,-9,-12,0,-69]} 1. d4 d5 2. c4 dxc4 3. Nf3 Nf6 4. e3 Bg4 5. Bxc4 e6 6. Qb3 Bxf3 7. gxf3 c5 {D25: Queen's Gambit Accepted: 4 e3: sidelines and 4...Bg4} 8. dxc5 (8. Nc3 Qd7 9. dxc5 Bxc5 10. Qb5 Be7 11. Qxd7+ Nbxd7 12. Bd2 Rc8 13. Be2 Ne5 14. O-O-O O-O 15. Kb1 {½-½ (58) Wang,Y (2699)-Andreikin,D (2712) Dortmund 2017}) 8... Bxc5 9. Qxb7 Nbd7 10. Qb3 Rb8 {The position is equal.} 11. Qc2 O-O 12. O-O Qc7 $146 ({Predecessor:} 12... Ne5 13. Be2 Qd5 14. e4 Qc6 15. Nc3 Rfc8 16. Bf4 Bd4 {½-½ (31) Lacrosse,M (2203)-Maddens,M (2047) Gent 2012}) 13. Be2 ({Better is} 13. Rd1 $11) 1/2-1/2

[Event "II Duchamp Open 2018"]
[Site "Rio de Janeiro"]
[Date "2018.11.19"]
[Round "7"]
[White "Von Buelow, Georg"]
[Black "Santos Filho, Tadeu Sousa"]
[Result "1-0"]
[WhiteElo "2354"]
[BlackElo "2078"]
[Annotator "TA"]
[PlyCount "53"]
[EventDate "2018.11.14"]
[EventType "swiss"]
[EventCountry "BRA"]
[SourceTitle "playchess.com"]
[Source "ChessBase"]
[SourceQuality "1"]

{[%evp 21,53,-23,-31,-26,0,0,0,0,0,3,6,0,11,0,0,0,0,0,7,0,50,48,54,50,430,431,885,874,774,768,589,0,29992,29993]} 1. Nf3 d5 2. d4 c6 3. c4 Nf6 4. e3 Bg4 5. Nc3 e6 6. h3 Bh5 7. g4 Bg6 8. Qb3 {D11: Slav Defence: 3 Nf3 sidelines and 3...Nf6 4 e3 Bg4} (8. Ne5 Nbd7 9. Nxg6 hxg6 10. g5 Ng8 11. h4 Bb4 12. Qb3 Bxc3+ 13. bxc3 Ne7 14. Ba3 Nb6 15. Bxe7 Qxe7 {½-½ (85) Ding,L (2774)-Carlsen,M (2837) Saint Louis 2017}) 8... Qb6 9. c5 Qc7 10. Ne5 Nbd7 11. Nxg6 hxg6 {LiveBook: 6 Games} 12. Bg2 g5 13. e4 dxe4 14. Bxg5 e5 15. Bxf6 gxf6 16. Nxe4 {With the idea 0-0-0.} exd4 17. O-O-O {[%cal Ba1d1,Bd1d4,Bd4b4][%mdl 32] [#]} Bxc5 $146 ({Predecessor:} 17... O-O-O 18. Rxd4 Nxc5 19. Rxd8+ {½-½ (19) Kempinski,R (2590)-Najer,E (2641) Czechia 2013}) 18. Nxc5 Nxc5 19. Rhe1+ Ne6 $132 {[%mdl 2048] Black is fighting back} 20. Rxd4 Kf8 (20... O-O $5 {[%cal Re6d4]} 21. Rdd1 Kg7 $11) 21. Rb4 Rb8 22. Qc3 Kg7 $2 {[%mdl 8192] [#]} (22... Qe7 $14) 23. g5 $1 $18 {[%cal Bg4g5,Bg5f6][%mdl 544]} Qd8 (23... Qa5 $142 24. Rxe6 (24. gxf6+ Kf8 $16) 24... Qxg5+ 25. Re3 (25. f4 Qxg2 26. Qxf6+ Kg8 $14) 25... Rh4 26. Rxh4 Qxh4 27. Rg3+ Kh8) (23... Nxg5 24. Rg4) 24. gxf6+ Kf8 {[#]} 25. Rxe6 $1 {[%mdl 512]} fxe6 26. Rg4 $2 ({Better is} 26. Qe5 $18 Kf7 27. Rg4) 26... Rg8 $2 {[%mdl 8192]} (26... Qd6 $11 27. Rd4 (27. f7 Rh7 $11) 27... Qc7) 27. Rxg8+ {Precision: White = 95%, Black = 24%.} 1-0